Tabor Kolei Dolnośląskich - Statystyki

Ogólne statystyki
  • Ten quiz został rozwiązany 33 razy
  • Średni wynik to 8 z 13
Statystyki odpowiedzi
Producent Model % Poprawnych
PAFAWAG (ZNTK) EN57
93%
PAFAWAG (ZNTK) EN57AL
80%
NEWAG 31WE
77%
NEWAG 45WE
77%
PESA SA134
77%
PESA SA135
73%
PESA SA139
63%
PAFAWAG (NEWAG) EN57AKD
57%
NEWAG 36WEa
53%
PESA SA132
50%
PESA SA106
47%
KOLZAM SA109
47%
NEWAG 36WEh
40%
Nie znaleziono quizów pasujących do podanych kryteriów
Rozkład punktacji
Procent ludzi z każdym wynikiem
Percentyl według liczby udzielonych odpowiedzi
Twoja historia wyników
Nie rozwiązałeś tego quizu